Normal view
MARC view
Entry Topical Term
001 - CONTROL NUMBER
- control field: 59108
003 - CONTROL NUMBER IDENTIFIER
- control field: OSt
005 - DATE AND TIME OF LATEST TRANSACTION
- control field: 20260218125816.0
008 - FIXED-LENGTH DATA ELEMENTS
- fixed length control field: 260218|| aca||aabn | a|a d
040 ## - CATALOGING SOURCE
- Original cataloging agency: OSt
- Transcribing agency: OSt
600 ## -
- : Bail
- : Kenya
- : Cases
670 ## - SOURCE DATA FOUND
- Source citation: Work cat.: (OSt)68821: National Council for Law Reporting author. 59107, Compendium of Rulings on Bail and Bond/, c2020.
